<?xml version="1.0" encoding="UTF-8"?><?xml-stylesheet type="text/xsl" href="static/style.xsl"?><OAI-PMH xmlns="http://www.openarchives.org/OAI/2.0/" xmlns:xsi="http://www.w3.org/2001/XMLSchema-instance" xsi:schemaLocation="http://www.openarchives.org/OAI/2.0/ http://www.openarchives.org/OAI/2.0/OAI-PMH.xsd"><responseDate>2026-06-02T06:07:04Z</responseDate><request verb="GetRecord" identifier="oai:riuma.uma.es:10630/6870" metadataPrefix="marc">https://riuma.uma.es/rest/oai/request</request><GetRecord><record><header><identifier>oai:riuma.uma.es:10630/6870</identifier><datestamp>2026-02-03T11:58:47Z</datestamp><setSpec>com_10630_2254</setSpec><setSpec>col_10630_37959</setSpec></header><metadata><record xmlns="http://www.loc.gov/MARC21/slim" xmlns:dcterms="http://purl.org/dc/terms/" xmlns:doc="http://www.lyncode.com/xoai" xmlns:xsi="http://www.w3.org/2001/XMLSchema-instance" xsi:schemaLocation="http://www.loc.gov/MARC21/slim http://www.loc.gov/standards/marcxml/schema/MARC21slim.xsd">
   <leader>00925njm 22002777a 4500</leader>
   <datafield ind2=" " ind1=" " tag="042">
      <subfield code="a">dc</subfield>
   </datafield>
   <datafield ind2=" " ind1=" " tag="720">
      <subfield code="a">Vallejo-Peña, Francisco Alberto</subfield>
      <subfield code="e">author</subfield>
   </datafield>
   <datafield ind2=" " ind1=" " tag="260">
      <subfield code="c">2014-01-15</subfield>
   </datafield>
   <datafield ind2=" " ind1=" " tag="520">
      <subfield code="a">Esta investigación trata de caracterizar el desempleo de la provincia andaluza más desfavorecida en desempleo en tiempos recientes (Málaga), incidiendo particularmente en la relación del fenómeno con la  edad de los desempleados. Mientras los modelos explicativos de la relación entre ambas variables en España sitúan a los menores de 25 años como los más perjudicados con amplia diferencia sobre los demás, observaremos como el  caso malagueño rompe el molde en esta cuestión y obliga a matizar esta relación. El descubrimiento de una relación atípica entre desempleo y edad en esta ciudad motivó la elaboración de este trabajo. Para tal fin, se han explotado los resultados del Estudio comparativo de tres colectivos de desempleados (jóvenes, mayores de 45 años e inmigrantes) en las ciudades Málaga, Lieja, Bolonia y Paris, recientemente publicado en el ámbito del Proyecto intersecciones.</subfield>
   </datafield>
   <datafield ind1="8" ind2=" " tag="024">
      <subfield code="a">http://hdl.handle.net/10630/6870</subfield>
   </datafield>
   <datafield tag="653" ind2=" " ind1=" ">
      <subfield code="a">Edad y trabajo - Málaga</subfield>
   </datafield>
   <datafield ind2="0" ind1="0" tag="245">
      <subfield code="a">La relación entre desempleo y edad en Andalucía: un acercamiento al caso de la provincia de Málaga</subfield>
   </datafield>
</record>
</metadata></record></GetRecord></OAI-PMH>